Disciplined entrepreneurship for climate and energy ventures : (Record no. 52580)

MARC details
000 -LEADER
fixed length control field 00807nam a2200265Ia 4500
005 - DATE AND TIME OF LATEST TRANSACTION
control field 20260429112138.0
008 - FIXED-LENGTH DATA ELEMENTS--GENERAL INFORMATION
fixed length control field 260429s9999||||xx |||||||||||||| ||und||
020 ## - INTERNATIONAL STANDARD BOOK NUMBER
International Standard Book Number 9781394285518
041 ## - LANGUAGE CODE
Language English
082 ## - DEWEY DECIMAL CLASSIFICATION NUMBER
Classification number 658.4014
Item number SOL
100 ## - MAIN ENTRY--PERSONAL NAME
Personal name Soltoff, Ben
245 #0 - TITLE STATEMENT
Title Disciplined entrepreneurship for climate and energy ventures :
Remainder of title 24 steps to build solutions for people and the planet /
Statement of responsibility, etc Ben Soltoff
250 ## - EDITION STATEMENT
Edition statement 1st ed.
260 ## - PUBLICATION, DISTRIBUTION, ETC. (IMPRINT)
Place of publication, distribution, etc New Jersey :
Name of publisher, distributor, etc Wiley,
Date of publication, distribution, etc 2026.
300 ## - PHYSICAL DESCRIPTION
Extent xv, 271 p.; hb
440 ## - SERIES STATEMENT/ADDED ENTRY--TITLE
Title Disciplined emtrepreneurship series
650 ## - SUBJECT ADDED ENTRY--TOPICAL TERM
Topical term or geographic name as entry element Climatic changes
650 ## - SUBJECT ADDED ENTRY--TOPICAL TERM
Topical term or geographic name as entry element Economics aspects
650 ## - SUBJECT ADDED ENTRY--TOPICAL TERM
Topical term or geographic name as entry element New business enterprises
700 ## - ADDED ENTRY--PERSONAL NAME
Personal name Aulet, Bill
700 ## - ADDED ENTRY--PERSONAL NAME
Personal name Hynes, Tod
700 ## - ADDED ENTRY--PERSONAL NAME
Personal name O'Sullivan, Francis
700 ## - ADDED ENTRY--PERSONAL NAME
Personal name Wayman, Libby
942 ## - ADDED ENTRY ELEMENTS (KOHA)
Koha item type Text Books
Holdings
Withdrawn status Lost status Damaged status Not for loan Collection code Home library Location Shelving location Date of Cataloging Source of acquisition Total Checkouts Full call number Barcode Date last seen Price effective from Koha item type
        Non-fiction CUTN Central Library CUTN Central Library Medicine, Technology & Management 29/04/2026 TBH Library Book Suppliers, Chennai - Invoice No. SINV00733 on 09-02-2026   658.4014 SOL 57683 29/04/2026 29/04/2026 Text Books